00624nam a22001817a 450000500170000001000150001702000260003203500130005803700130007108200120008410000180009624501400011425000400025426000500029427000460034430000270039070000250041720150710102445.0 aENG-113205 a9788173810275c235.00 aEN-96737 bDBAD/PUB a620.103 aRahman, M. M. aStatics :cby M. M. Rahman ; edited by Binoy Bhattacharyyabwritten according to...................examination of equivalent standard / a3rd thoroughly rev.enl.& updated ed aKolkatabNew Central Book Agencyc2015(repr.) a8/1 Chintamoni Das Lane,bKolkatae700009 axxi,315p. :c23cm(pbk) aBhattacharyya, Binoy